Guia didáctica para una orientación no sexista /
Saved in:
| Institution som forfatter: | |
|---|---|
| Format: | Bog |
| Sprog: | spansk |
| Udgivet: |
\S.l.! :
Ministerio de educación y ciencia, Plan para la igualdad de oportunidades para las mujeres,
\1988!
|
| Udgivelse: | Reed. 1989 |
| Fag: | |
| Tags: |
Ingen Tags, Vær først til at tagge denne postø!
|
MARC
| LEADER | 00000nam a22000007i 4500 | ||
|---|---|---|---|
| 001 | IT\ICCU\CFI\0563126 | ||
| 003 | ItRI | ||
| 005 | 20260115231843.0 | ||
| 008 | 031119s1988 sp |||||| ||||| |||||c | ||
| 020 | |a 8436914694 | ||
| 040 | |b ita |c importazione bologna sebina | ||
| 041 | 7 | |a spa |2 ISO-639-2 | |
| 245 | 0 | 0 | |a Guia didáctica para una orientación no sexista / |c \Ministerio de educación y ciencia, Direccion general de renovacion pedagogica!. |
| 250 | |a Reed. 1989 | ||
| 260 | |a \S.l.! : |b Ministerio de educación y ciencia, Plan para la igualdad de oportunidades para las mujeres, |c \1988! | ||
| 300 | |a 271 p. ; |c 24 cm. | ||
| 650 | 7 | |a Donna |x Educazione |2 scbi | |
| 650 | 7 | |a Donna |x Posizione sociale | |
| 710 | 1 | |a Spagna. |b Ministerio de educacion y ciencia. |b Direccion general de renovacion pedagogica |0 IT\ICCU\CFIV\206310 | |
| 942 | |2 ddc |c BK |n 0 | ||
| 952 | |0 0 |1 0 |4 0 |6 DOC_370_110000000000000_GUI |7 0 |9 14328 |a BO |b BO |d 2026-01-15 |i 20801 |l 0 |o DOC 370.11 GUI |p BO20801 |r 2026-01-15 23:18:43 |w 2026-01-15 |x [Sebina 5] [1 v.] |y BK |z 1 v. | ||
| 999 | |c 12365 |d 12365 | ||